Logo BPK

Biblioteka

Politechniki Koszalińskiej

Historia filozofii. (Rekord nr 8936)

Szczegóły MARC
000 -ETYKIETA REKORDU
podpole kontrolne o stałej długości 01353nam a2200325 i 4500
001 - NUMER KONTROLNY REKORDU
pole kontrolne 8936
003 - IDENTYFIKATOR NUMERU KONTROLNEGO REKORDU
podpole kontrolne KOSZ 005
005 - DATA OSTATNIEJ MODYFIKACJI REKORDU
podpole kontrolne 20191214090754.0
008 - POLE O STAŁEJ DŁUGOŚCI - DANE KONTROLNE
podpole kontrolne o stałej długości 071120s1966 pl g 001 0 pol
015 ## - NUMER BIBLIOGRAFII NARODOWEJ
Numer bibliografii narodowej PB 1967/680
040 ## - ŹRÓDŁO KATALOGOWANIA
Instytucja, która sporządziła opis WA N
Instytucja, która utworzyła rekord WA N
Instytucja, która dokonała modyfikacji KOSZ 005/RW
041 1# - KOD JĘZYKA
Kod języka tekstu pol
Kod języka oryginału rus
080 ## - UNIWERSALNA KLASYFIKACJA DZIESIĘTNA - UKD
UKD 1(09)
245 00 - TYTUŁ/ODPOWIEDZIALNOŚĆ
Tytuł Historia filozofii.
Tytuł części/sekcji dzieła Lata czterdzieste - dziewięćdziesiąte XIX w.
Oznaczenie części/sekcji dzieła Cz. 2 /
Pozostałe elementy strefy tytułu i oznaczenia odpowiedzialności [red. M. A. Dynnik et al. ; tł. Zygmunt Ziembiński i Jerzy Wierzchowski ; aut. M. T. Jowczuk et al.].
246 1# - WARIANT TYTUŁU
Treść wyrażenia wprowadzającego Tyt. oryg. :
Tytuł Istoriâ filosofii.
260 ## - STREFA ADRESU WYDAWNICZEGO
Miejsce wydania Warszawa :
Nazwa wydawcy/dystrybutora "Książka i Wiedza",
Data publikacji, dystrybucji/powstania dokumentu 1966.
300 ## - STREFA OPISU FIZYCZNEGO
Objętość 630, [2] s. ;
Rozmiary 25 cm.
380 ## - FORMA I TYP PUBLIKACJI
Forma i typ publikacji Książki.
500 ## - UWAGI OGÓLNE
Tekst uwagi Pozycja stanowi t. 4 "Historii filozofii".
504 ## - UWAGA DOTYCZĄCA BIBLIOGRAFII
Informacje o bibliografii Bibliogr. s. [561]-608. Indeks.
650 #4 - HASŁO PRZEDMIOTOWE W FORMIE NAZWY OGÓLNEJ LUB JEDNOSTKOWEJ
Nazwa ogólna lub geograficzna Filozofia
Określnik ogólny historia
Określnik chronologiczny 19 w.
648 #4 - HASŁO PRZEDMIOTOWE - TERMIN CHRONOLOGICZNY
Termin chronologiczny 1801-1900
700 1# - HASŁO DODATKOWE - NAZWA OSOBOWA
Nazwa osobowa Iovčuk, Mihail Trofimovič
Daty związane z nazwą (1908-1990).
Określenie związku między hasłem a opisywanym materiałem Autor
700 1# - HASŁO DODATKOWE - NAZWA OSOBOWA
Nazwa osobowa Dynnik, Mihail Aleksandrovič
Daty związane z nazwą (1896-1971).
Określenie związku między hasłem a opisywanym materiałem Redakcja
700 1# - HASŁO DODATKOWE - NAZWA OSOBOWA
Nazwa osobowa Ziembiński, Zygmunt
Daty związane z nazwą (1920-1996).
Określenie związku między hasłem a opisywanym materiałem Tłumaczenie
700 1# - HASŁO DODATKOWE - NAZWA OSOBOWA
Nazwa osobowa Wierzchowski, Jerzy.
Określenie związku między hasłem a opisywanym materiałem Tłumaczenie
710 2# - HASŁO DODATKOWE - NAZWA CIAŁA ZBIOROWEGO
Nazwa ciała zbiorowego lub jednostki geograficznej Spółdzielnia Wydawniczo-Handlowa "Książka i Wiedza"
Kod określenia powiązania pbl.
856 ## - LOKALIZACJA I DOSTĘP DO ELEKTRONICZNYCH DOKUMENTÓW ZDALNYCH
Link (URL) http://koha.tu.koszalin.pl/cgi-bin/koha/opac-detail.pl?biblionumber=8936
Tekst linku Katalog online BPK
942 ## - DODATKOWE ELEMENTY (KOHA)
Schemat klasyfikacji Uniwersalna Klasyfikacja Dziesiętna
Typ dokumentu Książka
Egzemplarze
Wycofany Status egzemplarza Uszkodzony Dostępność Lokalizacja stała Lokalizacja bieżąca Miejsce przechowywania Sygnatura Kod kreskowy Typ dokumentu
      Dostępny Biblioteka Politechniki Koszalińskiej Biblioteka Politechniki Koszalińskiej Wypożyczalnia BG 8745 01773231 Książka
      Dostępny Biblioteka Politechniki Koszalińskiej Biblioteka Politechniki Koszalińskiej Wypożyczalnia BG 8746 01773248 Książka
© 2023 Biblioteka Politechniki Koszalińskiej :: KOHA